000 00982nam a2200277 a 4500
008
020 _a0412455609 (pbk.)
049 _aMAIN
090 _aQA76.73.L23
245 0 0 _aParallel lisp systems :
_ba study of languages and architectures /
_cC. K. Yuen ; with contributions from M. D. Feng, W. F. Wong, and J. J. Yee.
260 _aLondon :
_bChapman & Hall,
_c1993.
300 _avi, 229 p. :
_bill. ;
_c24 cm.
440 0 _aParallel and distributed processing series ;
_v1
504 _aIncludes bibliographical references.
500 _aIncludes index.
650 0 _aLISP (Computer program language).
650 0 _aParallel programming (Computer science).
650 0 _aParallel processing (Electronic computers).
650 0 _aProgramming languages.
700 1 _aYuen, C. K.
907 _a.b10040055
_b23-09-03
_c17-04-03
003
005 20230123133207.0
040 _cNUST
942 _cBOOKS
_kQA76.73.L23
999 _c144340
_d144340